000 00908nam a2200181Ia 4500
008 090124s9999 xx 000 0 und d
082 _b37729
100 _aपाटील अरविंद वि.
245 _a एलिमेंटरी व इंटरमिजिएट गे्रड परीक्षांची पूर्वतयारी
250 _a1
260 _bमनोरमा प्रकाशन
_c2001
300 _a148+20
600 _aपाटील अरविंद वि.
630 _a एलिमेंटरी व इंटरमिजिएट गे्रड परीक्षांची पूर्वतयारी
700 _aपाटील अरविंद वि.
730 _a एलिमेंटरी व इंटरमिजिएट गे्रड परीक्षांची पूर्वतयारी
942 _cBOOK
999 _c103791
_d103791